000 00287nam a22001337a 4500
008 170512b xxu||||| |||| 00| 0 eng d
020 _a9780801330407
041 _aeng
080 _25TH
_a94
100 _a16
101 _aSHH
245 _aSOCIAL WELFARE
_cAXININ, J
942 _2udc
_cBK
999 _c13278
_d13278